|
|
|
|
| LEADER |
01437cas a2200253 a 4500 |
| 001 |
AALejournalIMF007185 |
| 008 |
230101c9999 xx r poo 0 0eng d |
| 020 |
|
|
|c 5.00 USD
|
| 020 |
|
|
|z 9781455262373
|
| 022 |
|
|
|a 1018-5941
|
| 040 |
|
|
|a BD-DhAAL
|c BD-DhAAL
|
| 100 |
1 |
|
|a Chen, Jiaqian.
|
| 245 |
1 |
0 |
|a Causes of Asset Shortages in Emerging Markets /
|c Jiaqian Chen, Patrick Imam.
|
| 264 |
|
1 |
|a Washington, D.C. :
|b International Monetary Fund,
|c 2011.
|
| 300 |
|
|
|a 1 online resource (41 pages)
|
| 490 |
1 |
|
|a IMF Working Papers
|
| 500 |
|
|
|a <strong>Off-Campus Access:</strong> No User ID or Password Required
|
| 500 |
|
|
|a <strong>On-Campus Access:</strong> No User ID or Password Required
|
| 506 |
|
|
|a Electronic access restricted to authorized BRAC University faculty, staff and students
|
| 520 |
3 |
|
|a We first illustrate that emerging markets (EMs) face a shortage of financial assets, with financial assets not growing as rapidly as domestic savings. We then estimate the asset shortage in EMs for 1995-2008. We develop a model that explains how asset shortage develop, and then econometrically estimate the causes of asset shortages. We conclude with policy implications.
|
| 538 |
|
|
|a Mode of access: Internet
|
| 700 |
1 |
|
|a Imam, Patrick.
|
| 830 |
|
0 |
|a IMF Working Papers; Working Paper ;
|v No. 2011/114
|
| 856 |
4 |
0 |
|z Full text available on IMF
|u http://elibrary.imf.org/view/journals/001/2011/114/001.2011.issue-114-en.xml
|z IMF e-Library
|